Top 5 Songs On D&G (Bladee, Ecco2k & Thaiboy Digital) - Statistics

General Stats
  • This quiz has been taken 23 times
    20 since last reset
  • The average score is 4 of 5
Answer Stats
Hint Answer % Correct
4,061,520 Cinderella
94%
3,410,188 Dumpster Baby
83%
3,786,449 GT-R
83%
3,566,828 First Crush
72%
3,651,587 Can't Trust
67%
No matching quizzes found
Score Distribution
Percent of People with Each Score
Percentile by Number Answered
Your Score History
You have not taken this quiz since the last reset